000
00247nam a2200097Ia 4500
008
240625s9999 xx 000 0 und d
041
_a
eng
082
_a
808.20 PAN
100
_a
PANDEY RAHUL KUMAR
245
_a
INVESTMENT OPPORTUNITIES FOR CDM PROJECT
999
_c
35756
_d
35756